书目信息 |
| 题名: |
智能交通系统评价技术与方法
|
|
| 作者: | 史其信 , 胡明伟 , 郑为中 著 | |
| 分册: | ||
| 出版信息: | 北京 中国铁道出版社 2005.01 |
|
| 页数: | 152页 | |
| 开本: | 23cm | |
| 丛书名: | 智能交通系统(ITS)系列丛书 | |
| 单 册: | ||
| 中图分类: | U495 | |
| 科图分类: | ||
| 主题词: | 交通运输管理--jiao tong yun shu guan li--智能控制--控制系统--系统评价 | |
| 电子资源: | ||
| ISBN: | 7-113-06313-6 | |
| 000 | 01262nam 2200289 450 | |
| 001 | 012006417556 | |
| 005 | 20060418104117.65 | |
| 010 | @a7-113-06313-6@dCNY22.00 | |
| 100 | @a20060418d2005 km y0chiy0120 ea | |
| 101 | 0 | @achi |
| 102 | @aCN@b110000 | |
| 105 | @aa a 000yy | |
| 200 | 1 | @a智能交通系统评价技术与方法@Azhi neng jiao tong xi tong ping jia ji shu yu fang fa@f史其信, 胡明伟, 郑为中著@Fshi qi xin,hu ming wei,zheng wei zhong zhu |
| 210 | @a北京@c中国铁道出版社@d2005.01 | |
| 215 | @a152页@c图@d23cm | |
| 225 | 2 | @a智能交通系统(ITS)系列丛书@Azhi neng jiao tong xi tong(ITS)xi lie cong shu@f范耀祖, 王笑京主编 |
| 320 | @a有书目 (第146-152页)。 | |
| 330 | @a本书共分九章,内容包括:ITS项目评价概述、ITS项目评价框架、ITS项目的技术评价、ITS项目的经济评价、ITS项目的社会和环境评价、评价数据的现场采集技术等。 | |
| 333 | @a高等院校学生。 | |
| 410 | 0 | @12001 @a智能交通系统(ITS)系列丛书@1701 0@a范耀祖@Afan yao zu@4主编@1701 0@a王笑京@Awang xiao jing@4主编 |
| 606 | 0 | @a交通运输管理@Ajiao tong yun shu guan li@x智能控制@x控制系统@x系统评价 |
| 690 | @aU495@v4 | |
| 701 | 0 | @a史其信@Ashi qi xin@4著 |
| 701 | 0 | @a胡明伟@Ahu ming wei@4著 |
| 701 | 0 | @a郑为中@Azheng wei zhong@4著 |
| 801 | 0 | @aCN@bQSSK@c20060418 |
| 905 | @a10447@dU495@eS583 | |
| 智能交通系统评价技术与方法/史其信, 胡明伟, 郑为中著.-北京:中国铁道出版社,2005.01 |
| 152页:图;23cm.-(智能交通系统(ITS)系列丛书/范耀祖, 王笑京主编) |
| 使用对象:高等院校学生。 |
| ISBN 7-113-06313-6:CNY22.00 |
| 本书共分九章,内容包括:ITS项目评价概述、ITS项目评价框架、ITS项目的技术评价、ITS项目的经济评价、ITS项目的社会和环境评价、评价数据的现场采集技术等。 |
| ● |
| 相关链接 |
|
|
|
正题名:智能交通系统评价技术与方法
索取号:U495/S583
 
预约/预借
| 序号 | 登录号 | 条形码 | 馆藏地/架位号 | 状态 | 备注 |
| 1 | 557840 | 205578409 | 自科库501/501自科库 58排7列2层/ [索取号:U495/S583] | 在馆 | |
| 2 | 557841 | 205578418 | 自科库501/501自科库 58排7列2层/ [索取号:U495/S583] | 在馆 |